00713nam a2200265Ia 450000500170000000800460001702000180006303700100008104000080009104000080009904000080010704100080011504100080012308400080013110000420013924500460018126000230022726000090025036500050025936500080026485600530027294200100032599900210033595200910035620260324130128.0008 260324s9999 xx 000 0 eng d a9780203941775 aEBOOK aCRL beng cCRL 2eng aeng qCRL aPedro J. Chamizo-Domínguez91180614 0aSemantics and Pragmatics of False Friends bTaylor and Francis c2008 a b265 uhttp://www.taylorfrancis.com/books/9780203941775 cEBOOK c1776502d1776502 00104070aCRLbCRLd2026-03-24l0pCL2058677r2026-03-24 13:01:28w2026-03-24yEBOOK